[Event "AUTO-ADV-2604"]
[Site "http://www.queenalice.com/game.php?id=1097897"]
[Date "2012.8.30"]
[Round "1"]
[White "MrDJRVD"]
[Black "Samba_4"]
[Result "1/2-1/2"]
[WhiteElo "1747"]
[BlackElo "2023"]

1. d4 g6 2. e3 Bg7 3. Nf3 d6 4. g3 Nc6 5. Bg2 Nf6 6. O-O O-O 7. c4 Bg4 8. Qc2
Qd7 9. b3 Bh3 10. Nbd2 Bxg2 11. Kxg2 e5 12. dxe5 Nxe5 13. Bb2 Nxf3 14. Nxf3 Qc6
15. Qe2 g5 16. Kg1 h6 17. Nd4 Qd7 18. Qf3 c6 19. Nf5 g4 20. Qf4 Qe6 21. Nxg7
Kxg7 22. Bxf6+ Qxf6 23. Qxf6+ Kxf6 24. Rad1 Rfd8 25. Rd4 h5 26. Rfd1 Ke7 27. Rf4
Rd7 28. Rdd4 Rh8 29. Kg2 Rh6 30. h3 gxh3+ 31. Kxh3 Rf6 32. Kh4 Rxf4+ 33. Rxf4 d5
34. Kxh5 dxc4 35. Rxc4 Rd2 36. f4 Rxa2 37. e4 Ra3 38. Rc3 Ra5+ 39. Kg4 1/2-1/2

[Event "AUTO-ADV-2604"]
[Site "http://www.queenalice.com/game.php?id=1097898"]
[Date "2012.8.30"]
[Round "1"]
[White "Samba_4"]
[Black "MrDJRVD"]
[Result "1-0"]
[WhiteElo "1997"]
[BlackElo "1784"]

1. d4 d5 2. c4 c6 3. Nc3 Nf6 4. Nf3 g6 5. Bg5 Bg7 6. e3 dxc4 7. Bxc4 O-O 8. O-O
Nbd7 9. h3 h6 10. Bh4 g5 11. Bg3 a6 12. Qb3 b5 13. Be2 c5 14. dxc5 Nxc5 15. Qc2
Bb7 16. Rfd1 Qc8 17. Rac1 Qe8 18. b4 Ne6 19. a3 Rc8 20. Qb3 Nd7 21. Nd5 Bxd5 22.
Qxd5 Bb2 23. Rxc8 Qxc8 24. Qxd7 Qxd7 25. Rxd7 Bxa3 26. Rxe7 Bxb4 27. Ra7 a5 28.
Bxb5 Rb8 29. Bxb8 Nc5 30. Bc4 1-0

[Event "AUTO-ADV-2604"]
[Site "http://www.queenalice.com/game.php?id=1097911"]
[Date "2012.8.30"]
[Round "1"]
[White "Samba_4"]
[Black "dorszu"]
[Result "1-0"]
[WhiteElo "2011"]
[BlackElo "1779"]

1. d4 c6 2. c4 d5 3. Nc3 Bf5 4. Nf3 Nf6 5. Bg5 h6 6. Bh4 dxc4 7. a4 Nbd7 8. e3
a6 9. Bxc4 b5 10. Bd3 Bxd3 11. Qxd3 Qc7 12. axb5 cxb5 13. Nxb5 Qb6 14. Qc4 e6
15. Nc7+ 1-0

[Event "AUTO-ADV-2604"]
[Site "http://www.queenalice.com/game.php?id=1097912"]
[Date "2012.8.30"]
[Round "1"]
[White "dorszu"]
[Black "Samba_4"]
[Result "0-1"]
[WhiteElo "1681"]
[BlackElo "2008"]

1. d4 d5 2. c4 e6 3. Nc3 Nf6 4. Bg5 Be7 5. e3 O-O 6. Bd3 Nbd7 7. a3 c5 8. Nf3
cxd4 9. Nxd4 dxc4 10. Bxc4 Nb6 11. Bb3 Bd7 12. O-O h6 13. Bh4 g5 14. Bg3 Nfd5
15. Nxd5 Nxd5 16. Rc1 Rc8 17. Qh5 Kg7 18. Be5+ f6 19. Bg3 Qb6 20. Bxd5 exd5 21.
Rfd1 Rxc1 22. Rxc1 Qxb2 23. Qd1 Qxa3 24. Rc7 Rc8 25. Rxc8 Bxc8 26. h4 Qc5 27.
hxg5 hxg5 28. Qa4 Kf7 29. Bb8 a6 30. Nb3 Qc6 0-1

[Event "AUTO-ADV-2604"]
[Site "http://www.queenalice.com/game.php?id=1097913"]
[Date "2012.8.30"]
[Round "1"]
[White "Samba_4"]
[Black "mauricio_sm"]
[Result "1/2-1/2"]
[WhiteElo "1997"]
[BlackElo "1987"]

1. d4 Nf6 2. c4 e6 3. Nc3 Bb4 4. Bd2 O-O 5. Nf3 b6 6. e3 Bb7 7. Bd3 d5 8. O-O
Nbd7 9. a3 Bd6 10. b4 c5 11. dxc5 bxc5 12. cxd5 Nxd5 13. Nxd5 exd5 14. bxc5 Nxc5
15. Be2 Ne4 16. Bb4 Bxb4 17. axb4 Nc3 18. Qd2 Nxe2+ 19. Qxe2 Qb6 20. Qd2 Rfd8
21. Nd4 Ba6 22. Rfc1 Bc4 23. h3 a6 24. Rcb1 1/2-1/2

[Event "AUTO-ADV-2604"]
[Site "http://www.queenalice.com/game.php?id=1097914"]
[Date "2012.8.30"]
[Round "1"]
[White "mauricio_sm"]
[Black "Samba_4"]
[Result "0-1"]
[WhiteElo "1959"]
[BlackElo "1957"]

1. e4 g6 2. d4 Bg7 3. Nf3 d6 4. c4 Nc6 5. Nc3 e5 6. Be3 h6 7. d5 Nce7 8. Be2 f5
9. exf5 Nxf5 10. O-O Nf6 11. Qc2 O-O 12. a4 b6 13. b4 a5 14. b5 e4 15. Nd2 Nxe3
16. fxe3 Bf5 17. Rac1 Qe7 18. Rf4 Rae8 19. Bh5 Nxh5 0-1

[Event "AUTO-MASTER-1779"]
[Site "http://www.queenalice.com/game.php?id=1128860"]
[Date "2012.12.6"]
[Round "1"]
[White "Samba_4"]
[Black "UKopra"]
[Result "0-1"]
[WhiteElo "1842"]
[BlackElo "1847"]

1. d4 Nf6 2. c4 e6 3. Nc3 Bb4 4. Bd2 O-O 5. Nf3 c5 6. e3 d5 7. Bd3 Nc6 8. dxc5
Bxc5 9. O-O dxc4 10. Bxc4 e5 11. Na4 Be7 12. Bc3 Qc7 13. Qe2 Bd6 14. b3 e4 15.
Nd4 a6 16. Nxc6 Qxc6 17. Bxf6 gxf6 18. Rfd1 b5 19. Bd5 Qxd5 20. Rxd5 Be5 0-1

[Event "AUTO-MASTER-1779"]
[Site "http://www.queenalice.com/game.php?id=1128861"]
[Date "2012.12.6"]
[Round "1"]
[White "UKopra"]
[Black "Samba_4"]
[Result "1-0"]
[WhiteElo "1830"]
[BlackElo "1859"]

1. d4 d5 2. c4 e6 3. Nc3 Nf6 4. cxd5 Nxd5 5. e4 Nxc3 6. bxc3 c5 7. Nf3 Be7 8.
Bd3 O-O 9. O-O a6 10. a4 Bd7 11. Bb1 Bc6 12. Ba3 cxd4 13. Bxe7 Qxe7 14. cxd4 Rd8
15. Re1 b5 16. axb5 Bxb5 17. d5 exd5 18. exd5 Qd6 19. Ba2 Nd7 20. Qd4 Nf6 21.
Red1 1-0

[Event "AUTO-MASTER-1779"]
[Site "http://www.queenalice.com/game.php?id=1128862"]
[Date "2012.12.6"]
[Round "1"]
[White "Samba_4"]
[Black "robsoncxi"]
[Result "0-1"]
[WhiteElo "1888"]
[BlackElo "1916"]

1. d4 d5 2. c4 e6 3. Nc3 Bb4 4. e3 Nc6 5. Bd2 Nf6 6. Bd3 dxc4 7. Bxc4 Bd7 8. Nf3
O-O 9. O-O Qe7 10. a3 Ba5 11. b4 Bb6 12. Qb3 a5 13. b5 Na7 14. Na4 Rfd8 15. Nxb6
cxb6 16. a4 Nc8 17. Rac1 Nd6 18. Be2 Rac8 19. Ne5 Nfe4 20. Qd3 Nxd2 21. Qxd2 f6
22. Nf3 Ne4 0-1

[Event "AUTO-MASTER-1779"]
[Site "http://www.queenalice.com/game.php?id=1128863"]
[Date "2012.12.6"]
[Round "1"]
[White "robsoncxi"]
[Black "Samba_4"]
[Result "1-0"]
[WhiteElo "1931"]
[BlackElo "1873"]

1. e4 g6 2. d4 Bg7 3. Nf3 d6 4. c4 Nc6 5. Nc3 e5 6. d5 Nce7 7. Bg5 h6 8. Bh4 g5
9. Bg3 f5 10. exf5 Nxf5 11. Bd3 Nge7 12. O-O O-O 13. Qc2 Nxg3 14. fxg3 Bf5 15.
Bxf5 Nxf5 16. Qe2 Qd7 17. Rf2 Rae8 18. Raf1 Nd4 19. Qd3 Nxf3+ 20. Rxf3 a6 21.
Qg6 Qg4 22. Ne4 1-0

[Event "AUTO-MASTER-1779"]
[Site "http://www.queenalice.com/game.php?id=1128864"]
[Date "2012.12.6"]
[Round "1"]
[White "Samba_4"]
[Black "TITAN10"]
[Result "0-1"]
[WhiteElo "1943"]
[BlackElo "1985"]

1. d4 Nf6 2. c4 e6 3. Nc3 Bb4 4. Bd2 c5 5. e3 d5 6. Nf3 O-O 7. Bd3 cxd4 8. Nxd4
e5 9. Nc2 dxc4 10. Bxc4 Ba5 11. O-O Bf5 12. b4 Bxc2 13. Qxc2 Bxb4 14. Rfd1 Qc7
15. Ne4 Nxe4 16. Qxe4 Bxd2 17. Rxd2 Nd7 18. Rad1 Nf6 19. Qh4 Rfd8 20. g3 Rxd2
21. Rxd2 Rc8 22. Bb3 Qa5 23. Rd1 Rd8 0-1

[Event "AUTO-MASTER-1779"]
[Site "http://www.queenalice.com/game.php?id=1128865"]
[Date "2012.12.6"]
[Round "1"]
[White "TITAN10"]
[Black "Samba_4"]
[Result "1-0"]
[WhiteElo "2219"]
[BlackElo "2018"]

1. e4 g6 2. Nf3 Bg7 3. d4 d6 4. h3 Nc6 5. Bb5 Bd7 6. O-O a6 7. Ba4 b5 8. Bb3 e5
9. dxe5 Nxe5 10. Nxe5 Bxe5 11. f4 Bg7 12. f5 Nf6 13. Nc3 Nh5 14. fxg6 fxg6 15.
Qd5 1-0

[Event "AUTO-OPEN-2858"]
[Site "http://www.queenalice.com/game.php?id=1128942"]
[Date "2012.12.6"]
[Round "1"]
[White "brunooliveira"]
[Black "Samba_4"]
[Result "1-0"]
[WhiteElo "1529"]
[BlackElo "1918"]

1. d4 d5 2. c4 e6 3. Nc3 Nf6 4. Bg5 Be7 5. e3 h6 6. Bxf6 Bxf6 7. Nf3 O-O 8. Be2
dxc4 9. Bxc4 Nc6 10. O-O Na5 11. Be2 b6 12. b4 Nc6 13. a3 Bb7 14. Ne4 Be7 15.
Rc1 a5 16. b5 Na7 17. Bd3 Rc8 18. a4 Bb4 19. Nc3 c5 20. dxc5 Rxc5 21. Ne4 Rxc1
22. Qxc1 Qxd3 23. Ned2 1-0

[Event "AUTO-OPEN-2858"]
[Site "http://www.queenalice.com/game.php?id=1128943"]
[Date "2012.12.6"]
[Round "1"]
[White "Samba_4"]
[Black "brunooliveira"]
[Result "1-0"]
[WhiteElo "2018"]
[BlackElo "1262"]

1. d4 Nf6 2. c4 g6 3. Nc3 Bg7 4. e4 d6 5. Nf3 O-O 6. Bd3 e5 7. d5 Nbd7 8. O-O
Nh5 9. Bg5 f6 10. Be3 f5 11. Bg5 Nhf6 12. exf5 h6 13. Bxf6 Rxf6 14. fxg6 Nc5 15.
Bc2 1-0

[Event "AUTO-OPEN-2858"]
[Site "http://www.queenalice.com/game.php?id=1128962"]
[Date "2012.12.6"]
[Round "1"]
[White "franz_ferdinand"]
[Black "Samba_4"]
[Result "1-0"]
[WhiteElo "2024"]
[BlackElo "2011"]

1. c4 e5 2. Nc3 f5 3. d4 e4 4. Nh3 Nf6 5. e3 Bb4 6. Qb3 Bxc3+ 7. Qxc3 d5 8. Nf4
c6 9. b3 g5 10. Nh3 h6 11. Ba3 Be6 12. g3 Nbd7 13. O-O-O Nb6 14. Ng1 Qc7 15. h4
O-O-O 16. Kb1 Qf7 17. Bc5 Qc7 18. Qb4 Ng4 19. Rd2 Kb8 20. hxg5 hxg5 21. Rxh8
Rxh8 22. Bd6 1-0

[Event "AUTO-OPEN-2858"]
[Site "http://www.queenalice.com/game.php?id=1128963"]
[Date "2012.12.6"]
[Round "1"]
[White "Samba_4"]
[Black "franz_ferdinand"]
[Result "0-1"]
[WhiteElo "1928"]
[BlackElo "2074"]

1. d4 d5 2. c4 c6 3. Nc3 Nf6 4. Nf3 a6 5. Bg5 Ne4 6. Nxe4 dxe4 7. Nd2 Qxd4 8.
Qc2 Bf5 9. e3 Qd6 10. O-O-O Qg6 11. h4 Nd7 12. Be2 O-O-O 13. g4 Be6 14. Nxe4 f5
15. h5 Qf7 16. gxf5 Bxf5 17. Bd3 Bxe4 18. Bxe4 Nf6 19. Bf5+ e6 20. Rxd8+ Kxd8
21. Rd1+ Kc8 22. Bh3 Be7 23. Bxf6 Bxf6 24. Qe4 Re8 25. Rd6 Qxh5 0-1

[Event "AUTO-OPEN-2858"]
[Site "http://www.queenalice.com/game.php?id=1128972"]
[Date "2012.12.6"]
[Round "1"]
[White "reghini"]
[Black "Samba_4"]
[Result "1-0"]
[WhiteElo "1817"]
[BlackElo "1993"]

1. e4 g6 2. d4 Bg7 3. Nf3 d6 4. Be3 Nc6 5. c3 e5 6. d5 Nce7 7. Bc4 f5 8. exf5
Bxf5 9. O-O h6 10. Nh4 Nf6 11. Nxf5 Nxf5 12. Nd2 1-0

[Event "AUTO-OPEN-2858"]
[Site "http://www.queenalice.com/game.php?id=1128973"]
[Date "2012.12.6"]
[Round "1"]
[White "Samba_4"]
[Black "reghini"]
[Result "0-1"]
[WhiteElo "1967"]
[BlackElo "1816"]

1. d4 d5 2. c4 b6 3. Nc3 e6 4. Nf3 Nf6 5. Bg5 Be7 6. e3 O-O 7. Bd3 Ne8 8. Bf4 a6
9. O-O f5 10. cxd5 exd5 11. h3 Bb7 12. Rc1 c5 13. Qc2 Qd7 14. Ne5 Qc8 15. a3 c4
0-1